00000000nam##2200000za#4500
0019.678493
003CaOODSP
00520220107134005
007ta
008150407|1993||||xxc|||||     f|0| 0 fre|d
020 |a0-662-98043-3
040 |aCaOODSP|bfre
043 |an-cn---
0861 |aH72-21/86-1993F
1102 |aCentre national d'information sur la violence dans la famille (Canada)
24510|aTraitement des enfants victimes d'abus sexuel au Canada : |brépertoire sélectif de programmes intégrés qui ont été évalués / |cPréparé par le Réseau national des jeunes pris en charge.
260 |aOttawa - Ontario : |bSanté et Bien-être social Canada. |c1993.
300 |a71p. ; |c28 cm.
500 |aSommaire: Introduction.--Réseau de Peterborough pour le traitement des abus sexuels (Ontario).--Abus sexuels infligés aux enfants en milieu rural: mise en application et évaluation d'un modèle de services coordonnés (Manitoba rural).--Programme des abus sexuels intrafamiliaux (PASI) du comté de Charlotte (Nouveau-Brunswick).--Traitement des cas d'abus sexuels infligés aux enfants dans le cadre d'un modèle exhaustif de service (Winnipeg, Manitoba).--Le Modèle Marymound (Winnipeg, Manitoba).--Le Modèle de traitement intégré pour les enfants victimes d'abus sexuels et pour leurs mères (Vancouver, Colombie-Britannique).--Le Programme de traitement familial des abus sexuels (Calgary, Alberta).
563 |aCouverture souple
590 |a93-18|b1993-05-07
69107|aCrime sexuel|2gcpds
69107|aViolence faite aux enfants|2gcpds
77508|tTreatment programs for child sexual abuse in Canada : |w(CaOODSP)9.644672